Catalog

Record Details

Catalog Search



Průlet ve stínu radaru : vzpomínky na dvě tajná kněžská svěcení za dveřmi sousedovými  Cover Image Book Book

Průlet ve stínu radaru : vzpomínky na dvě tajná kněžská svěcení za dveřmi sousedovými / Leo Kuchař ; ilustr. Alžběta Mayerová

Kuchař, Leo, 1928-2014 (Author). Mayerová, Alžběta (Illustrator). Petrinum (organizace) (Added Author).

Record details

  • ISBN: 80-85247-03-8
  • Physical Description: 109 s. : obr. ; 20 cm
  • Edition: 1. vyd.
  • Publisher: Brno : Petrov, 1990

Content descriptions

General Note:
Vydavatel: Petrinum
25000 výt.
Formatted Contents Note:
Dobrodružné vkládání rukou -- Poznaňský veletrh a veletah
Genre: vzpomínky

Available copies

  • 1 of 1 copy available at Common Catalog SPOK.

Holds

  • 0 current holds with 1 total copy.
Show Only Available Copies
Location Call Number / Copy Notes Barcode Shelving Location Status Due Date
KDS Library 810 KuL (880) 204576800748 Library Available -

LDR 01315nam a2200373 4500
00120400
003CZ-PrJAB
00520150708062830.0
007tu
008910416s1990 xr a u0|0 cze
015 . ‡acnb000059844
020 . ‡a80-85247-03-8 ‡q(brož.) : ‡c20 Kčs
035 . ‡a(CZ PrNK)ck9101777
035 . ‡a(OCoLC)26069763
040 . ‡aABA001 ‡bcze ‡dABA001
080 . ‡a26-051 ‡2undef
080 . ‡a28 ‡2undef
080 . ‡a885.0-94 ‡2undef
1001 . ‡aKuchař, Leo, ‡d1928-2014 ‡7kpwa1583 ‡4aut
24510. ‡aPrůlet ve stínu radaru : ‡bvzpomínky na dvě tajná kněžská svěcení za dveřmi sousedovými / ‡cLeo Kuchař ; ilustr. Alžběta Mayerová
250 . ‡a1. vyd.
260 . ‡aBrno : ‡bPetrov, ‡c1990 ‡f(Print 04)
300 . ‡a109 s. : ‡bobr. ; ‡c20 cm
500 . ‡aVydavatel: Petrinum
500 . ‡a25000 výt.
5050 . ‡aDobrodružné vkládání rukou -- Poznaňský veletrh a veletah
655 7. ‡avzpomínky ‡7fd133830 ‡2czenas
7001 . ‡aMayerová, Alžběta ‡7xx0136082 ‡4ill
7102 . ‡aPetrinum (organizace) ‡7ko2004260164
74002. ‡aDobrodružné vkládání rukou
74002. ‡aPoznaňský veletrh a veletah
910 . ‡aABE463
964 . ‡akněží římsko-katoličtí čeští - svěcení kněžská tajná - stol. 20., léta 60. - vzpomínky
998 . ‡a000059844
901 . ‡a20400 ‡b ‡c20400 ‡tbiblio

Additional Resources